00435pab a2200145 454500008004000000100001900040245010200059260000900161300001700170362000800187650002200195650002100217700001800238773003300256180718b2014 xxu||||| |||| 00| 0 eng d aSnow, David A. aProtest on the Fly: Toward a theory of spontaneity in the dynamics of protest and social movement c2014 ap.1122-1143. aDec aProtest movements aSocial movements aMoss, Dana M. aAmerican Sociological Review